<?xml version='1.0' encoding='UTF-8'?>
  <record xmlns="http://www.loc.gov/MARC21/slim">
    <leader>00000cam a2200000Mi 4500</leader>
    <controlfield tag="001">ocn907604130</controlfield>
    <controlfield tag="003">OCoLC</controlfield>
    <controlfield tag="005">20250716195746.5</controlfield>
    <controlfield tag="008">880727s1714    ne af         000 0 dut d</controlfield>
    <datafield tag="040" ind1=" " ind2=" ">
      <subfield code="a">NLGGC</subfield>
      <subfield code="b">dut</subfield>
      <subfield code="e">rda</subfield>
      <subfield code="c">NLGGC</subfield>
      <subfield code="d">OCLCO</subfield>
      <subfield code="d">OCLCF</subfield>
      <subfield code="d">OCLCA</subfield>
      <subfield code="d">L2U</subfield>
      <subfield code="d">OCLCQ</subfield>
      <subfield code="d">WURST</subfield>
      <subfield code="d">OCL</subfield>
      <subfield code="d">OCLCA</subfield>
      <subfield code="d">OCL</subfield>
      <subfield code="d">OCLCA</subfield>
      <subfield code="d">OCLCO</subfield>
      <subfield code="d">OCLCQ</subfield>
      <subfield code="d">OCLCL</subfield>
    </datafield>
    <datafield tag="066" ind1=" " ind2=" ">
      <subfield code="c">(S</subfield>
    </datafield>
    <datafield tag="029" ind1="0" ind2=" ">
      <subfield code="a">NLGGC</subfield>
      <subfield code="b">04767623X</subfield>
    </datafield>
    <datafield tag="035" ind1=" " ind2=" ">
      <subfield code="a">(OCoLC)907604130</subfield>
    </datafield>
    <datafield tag="043" ind1=" " ind2=" ">
      <subfield code="a">e-ur---</subfield>
      <subfield code="a">a-ir---</subfield>
      <subfield code="a">a-ii---</subfield>
      <subfield code="a">a------</subfield>
    </datafield>
    <datafield tag="082" ind1="0" ind2="4">
      <subfield code="a">439</subfield>
      <subfield code="q">OCoLC</subfield>
      <subfield code="1">https://id.oclc.org/worldcat/ddc/E3PcdwqV3yh67RPp7wjwdkwFGY</subfield>
    </datafield>
    <datafield tag="084" ind1=" " ind2=" ">
      <subfield code="a">74.15</subfield>
      <subfield code="2">bcl</subfield>
    </datafield>
    <datafield tag="100" ind1="1" ind2=" ">
      <subfield code="a">Bruyn, Cornelis de,</subfield>
      <subfield code="d">ca. 1652-1727.</subfield>
      <subfield code="4">aut</subfield>
      <subfield code="1">https://id.oclc.org/worldcat/entity/E39PBJpJfwgrBWFrpyRY4rHQv3</subfield>
    </datafield>
    <datafield tag="245" ind1="1" ind2="0">
      <subfield code="a">Cornelis de Bruins Reizen over Moskovië door Persië̈ en Indië: verrykt met driehondert kunstplaten, vertoonende de beroemste lantschappen en steden, ook de byzondere dragten, beesten, gewassen en planten, die daar gevonden worden: voor al derzelver oudheden, en wel voornamentlyk heel uitvoerig, die van het heerlyke en van oudts de geheele werrelt door befaemde Hof van Persepolis, by den Persianen Tchilminar genaemt /</subfield>
      <subfield code="c">alles door den auteur zelf met groote naeukeurigheit na 't leven afgetekent, en nooit voor dezen in 't ligt gebragt.</subfield>
    </datafield>
    <datafield tag="246" ind1="3" ind2=" ">
      <subfield code="a">Reizen over Moskovië door Persië̈ en Indië</subfield>
    </datafield>
    <datafield tag="246" ind1="3" ind2=" ">
      <subfield code="a">Tweede reyzen</subfield>
    </datafield>
    <datafield tag="246" ind1="3" ind2=" ">
      <subfield code="a">C. de Bruin's tweede reyzen</subfield>
    </datafield>
    <datafield tag="264" ind1=" " ind2="1">
      <subfield code="a">T'Amsteldam :</subfield>
      <subfield code="b">By Rudolph en Gerard Wetstein, Joannes Oosterwyk, Hendrik van de Gaete,</subfield>
      <subfield code="c">1714.</subfield>
    </datafield>
    <datafield tag="300" ind1=" " ind2=" ">
      <subfield code="a">[19], 472, [12] pagina's :</subfield>
      <subfield code="b">illustraties, gegraveerde titelprent, kaarten en platen, deels uitslaand ;</subfield>
      <subfield code="c">in-2</subfield>
    </datafield>
    <datafield tag="336" ind1=" " ind2=" ">
      <subfield code="a">tekst</subfield>
      <subfield code="b">txt</subfield>
      <subfield code="2">rdacontent/dut</subfield>
    </datafield>
    <datafield tag="337" ind1=" " ind2=" ">
      <subfield code="a">zonder medium</subfield>
      <subfield code="b">n</subfield>
      <subfield code="2">rdamedia/dut</subfield>
    </datafield>
    <datafield tag="338" ind1=" " ind2=" ">
      <subfield code="a">band</subfield>
      <subfield code="b">nc</subfield>
      <subfield code="2">rdacarrier/dut</subfield>
    </datafield>
    <datafield tag="500" ind1=" " ind2=" ">
      <subfield code="a">* 4 (*1+[pi]1) A-3N 4 3)-3Q 4.</subfield>
    </datafield>
    <datafield tag="500" ind1=" " ind2=" ">
      <subfield code="a">Rugtitel: C.d. Bruin's tweede reyzen.</subfield>
    </datafield>
    <datafield tag="500" ind1=" " ind2=" ">
      <subfield code="a">Titeluitgave van de editie: t'Amsterdam : gedrukt voor den auteur door Willem en David Goeree, 1711.</subfield>
    </datafield>
    <datafield tag="510" ind1="0" ind2=" ">
      <subfield code="a">Tiele (Bibl.) 209n</subfield>
    </datafield>
    <datafield tag="530" ind1=" " ind2=" ">
      <subfield code="a">Titel is geselecteerd voor digitalisering voor de Universiteit van Amsterdam in het kader van het Google Books-project.</subfield>
    </datafield>
    <datafield tag="651" ind1=" " ind2="0">
      <subfield code="a">Russia</subfield>
      <subfield code="v">Early works to 1800</subfield>
      <subfield code="x">Description and travel.</subfield>
    </datafield>
    <datafield tag="651" ind1=" " ind2="0">
      <subfield code="a">Iran</subfield>
      <subfield code="v">Early works to 1800</subfield>
      <subfield code="x">Description and travel.</subfield>
    </datafield>
    <datafield tag="651" ind1=" " ind2="0">
      <subfield code="a">India</subfield>
      <subfield code="v">Early works to 1800</subfield>
      <subfield code="x">Description and travel.</subfield>
    </datafield>
    <datafield tag="651" ind1=" " ind2="0">
      <subfield code="a">Asia</subfield>
      <subfield code="v">Maps</subfield>
      <subfield code="v">Early works to 1800.</subfield>
    </datafield>
    <datafield tag="600" ind1="1" ind2="4">
      <subfield code="a">Bruyn, Cornelis de,</subfield>
      <subfield code="d">ca. 1652-1727.</subfield>
      <subfield code="0">(NL-LeOCL)069381682</subfield>
    </datafield>
    <datafield tag="650" ind1=" " ind2="4">
      <subfield code="a">74.15 large areas (geography)</subfield>
    </datafield>
    <datafield tag="651" ind1=" " ind2="7">
      <subfield code="a">Asia.</subfield>
      <subfield code="2">fast</subfield>
      <subfield code="0">(OCoLC)fst01240495</subfield>
      <subfield code="1">https://id.oclc.org/worldcat/entity/E39PBJxMpyjKQ9Jtm3jkjPBgKd</subfield>
    </datafield>
    <datafield tag="651" ind1=" " ind2="7">
      <subfield code="a">India.</subfield>
      <subfield code="2">fast</subfield>
      <subfield code="0">(OCoLC)fst01210276</subfield>
      <subfield code="1">https://id.oclc.org/worldcat/entity/E39PBJmdx47cDXrRhBXHtbvPwC</subfield>
    </datafield>
    <datafield tag="651" ind1=" " ind2="7">
      <subfield code="a">Iran.</subfield>
      <subfield code="2">fast</subfield>
      <subfield code="0">(OCoLC)fst01204889</subfield>
      <subfield code="1">https://id.oclc.org/worldcat/entity/E39PBJtrYvcVTwChrDqytBvJXd</subfield>
    </datafield>
    <datafield tag="651" ind1=" " ind2="7">
      <subfield code="a">Russia.</subfield>
      <subfield code="2">fast</subfield>
      <subfield code="0">(OCoLC)fst01207312</subfield>
    </datafield>
    <datafield tag="651" ind1=" " ind2="7">
      <subfield code="a">Rusland.</subfield>
      <subfield code="2">gtt</subfield>
      <subfield code="0">(NL-LeOCL)078654629</subfield>
    </datafield>
    <datafield tag="651" ind1=" " ind2="7">
      <subfield code="a">Iran.</subfield>
      <subfield code="2">gtt</subfield>
      <subfield code="0">(NL-LeOCL)078549698</subfield>
    </datafield>
    <datafield tag="651" ind1=" " ind2="7">
      <subfield code="a">Zuid-Azië.</subfield>
      <subfield code="2">gtt</subfield>
      <subfield code="0">(NL-LeOCL)078969581</subfield>
    </datafield>
    <datafield tag="600" ind1="1" ind2="7">
      <subfield code="a">Bruyn, Cornelis de,</subfield>
      <subfield code="d">ca. 1652-1727.</subfield>
      <subfield code="0">(NL-LeOCL)069381682</subfield>
      <subfield code="2">nta</subfield>
    </datafield>
    <datafield tag="653" ind1="0" ind2="0">
      <subfield code="a">beschrijvingen</subfield>
    </datafield>
    <datafield tag="653" ind1="0" ind2="0">
      <subfield code="a">descriptions</subfield>
    </datafield>
    <datafield tag="653" ind1="0" ind2="0">
      <subfield code="a">geografie</subfield>
    </datafield>
    <datafield tag="653" ind1="0" ind2="0">
      <subfield code="a">geography</subfield>
    </datafield>
    <datafield tag="653" ind1="0" ind2="0">
      <subfield code="a">india</subfield>
    </datafield>
    <datafield tag="653" ind1="0" ind2="0">
      <subfield code="a">iran</subfield>
    </datafield>
    <datafield tag="653" ind1="0" ind2="0">
      <subfield code="a">pakistan</subfield>
    </datafield>
    <datafield tag="653" ind1="0" ind2="0">
      <subfield code="a">regions</subfield>
    </datafield>
    <datafield tag="653" ind1="0" ind2="0">
      <subfield code="a">reizen</subfield>
    </datafield>
    <datafield tag="653" ind1="0" ind2="0">
      <subfield code="a">travel</subfield>
    </datafield>
    <datafield tag="653" ind1="0" ind2="0">
      <subfield code="a">ussr</subfield>
    </datafield>
    <datafield tag="653" ind1="0" ind2="0">
      <subfield code="a">oude wereld</subfield>
    </datafield>
    <datafield tag="653" ind1="0" ind2="0">
      <subfield code="a">ancient world</subfield>
    </datafield>
    <datafield tag="653" ind1="0" ind2="0">
      <subfield code="a">expedities</subfield>
    </datafield>
    <datafield tag="653" ind1="0" ind2="0">
      <subfield code="a">expeditions</subfield>
    </datafield>
    <datafield tag="653" ind1="0" ind2="0">
      <subfield code="a">netherlands east indies</subfield>
    </datafield>
    <datafield tag="653" ind1="1" ind2="0">
      <subfield code="a">Expeditions</subfield>
    </datafield>
    <datafield tag="653" ind1="1" ind2="0">
      <subfield code="a">Expedities</subfield>
    </datafield>
    <datafield tag="655" ind1=" " ind2="7">
      <subfield code="a">Early works.</subfield>
      <subfield code="2">fast</subfield>
      <subfield code="0">(OCoLC)fst01411636</subfield>
    </datafield>
    <datafield tag="655" ind1=" " ind2="7">
      <subfield code="a">Maps.</subfield>
      <subfield code="2">fast</subfield>
      <subfield code="0">(OCoLC)fst01423704</subfield>
    </datafield>
    <datafield tag="655" ind1=" " ind2="7">
      <subfield code="a">Reisbeschrijvingen (vorm)</subfield>
      <subfield code="2">gtt</subfield>
      <subfield code="0">(NL-LeOCL)088144704</subfield>
    </datafield>
    <datafield tag="710" ind1="0" ind2=" ">
      <subfield code="a">Gaete, Hendrik van de (Amsterdam)</subfield>
      <subfield code="4">prt</subfield>
      <subfield code="0">(NL-LeOCL)077169379</subfield>
    </datafield>
    <datafield tag="710" ind1="0" ind2=" ">
      <subfield code="a">Oosterwyk, Johannes van (Amsterdam)</subfield>
      <subfield code="4">prt</subfield>
      <subfield code="0">(NL-LeOCL)077132696</subfield>
    </datafield>
    <datafield tag="710" ind1="0" ind2=" ">
      <subfield code="a">Wetstein, Gerard (Amsterdam)</subfield>
      <subfield code="4">prt</subfield>
      <subfield code="0">(NL-LeOCL)077133528</subfield>
    </datafield>
    <datafield tag="710" ind1="0" ind2=" ">
      <subfield code="a">Wetstein, Rudolph (Amsterdam)</subfield>
      <subfield code="4">prt</subfield>
      <subfield code="0">(NL-LeOCL)077130200</subfield>
    </datafield>
    <datafield tag="758" ind1=" " ind2=" ">
      <subfield code="a">Cornelis de Bruins Reizen over Moskovie (Text)</subfield>
      <subfield code="1">https://id.oclc.org/worldcat/entity/E39PCGqf7BcYftXw7HkTrv7fYK</subfield>
      <subfield code="4">https://id.oclc.org/worldcat/ontology/hasWork</subfield>
    </datafield>
    <datafield tag="776" ind1="0" ind2=" ">
      <subfield code="t">Cornelis de Bruins Reizen over Moskovië door Persië̈ en Indië: verrykt met driehondert kunstplaten, vertoonende de beroemste lantschappen en steden, ook de byzondere dragten, beesten, gewassen en planten, die daar gevonden worden: voor al derzelver oudheden, en wel voornamentlyk heel uitvoerig, die van het heerlyke en van oudts de geheele werrelt door befaemde Hof van Persepolis, by den Persianen Tchilminar genaemt</subfield>
      <subfield code="w">(NL-LeOCL)406925585</subfield>
    </datafield>
    <datafield tag="776" ind1="0" ind2=" ">
      <subfield code="t">Cornelis de Bruins Reizen over Moskovië door Persië̈ en Indië: verrykt met driehondert kunstplaten, vertoonende de beroemste lantschappen en steden, ook de byzondere dragten, beesten, gewassen en planten, die daar gevonden worden: voor al derzelver oudheden, en wel voornamentlyk heel uitvoerig, die van het heerlyke en van oudts de geheele werrelt door befaemde Hof van Persepolis, by den Persianen Tchilminar genaemt</subfield>
      <subfield code="w">(NL-LeOCL)406925593</subfield>
    </datafield>
    <datafield tag="880" ind1=" " ind2=" ">
      <subfield code="6">500-00/(S</subfield>
      <subfield code="a">* 4 (*1+π1) A-3N 4 3)-3Q 4.</subfield>
    </datafield>
  </record>